[Event "Challenge"]
[Site "http://www.queenalice.com/game.php?id=1060533"]
[Date "2012.5.17"]
[Round "-"]
[White "cholo76"]
[Black "roli68"]
[Result "0-1"]
[WhiteElo "1431"]
[BlackElo "1423"]

1. e4 Nf6 2. Nc3 d5 3. d3 d4 4. Nd5 e6 5. Nxf6+ Qxf6 6. h4 Bb4+ 7. Bd2 Na6 8. a3
Bd6 9. f4 Bxf4 10. Ne2 Bh6 11. c3 Nc5 12. Qc2 e5 13. O-O-O Bd7 14. b4 Na4 15. c4
a5 16. b5 Nc5 17. h5 a4 18. g3 Nb3+ 19. Kb1 Nc5 20. Bh3 Qf3 21. Ng1 Qxg3 22.
Bxd7+ Kxd7 23. Rh3 Qg4 24. Rf1 Nb3 25. Rxf7+ Ke6 26. Rf1 Qg2 27. Be1 Qxf1 28.
Qe2 Qxg1 29. Qf2 Qg5 30. Qc2 Rhf8 31. Rg3 Qf4 32. Rg1 Qe3 33. Bh4 Qxg1+ 34. Kb2
Bc1+ 35. Kb1 Bg5+ 0-1

[Event "Challenge"]
[Site "http://www.queenalice.com/game.php?id=1066049"]
[Date "2012.5.30"]
[Round "-"]
[White "Samaell"]
[Black "cholo76"]
[Result "0-1"]
[WhiteElo "1462"]
[BlackElo "1447"]

1. e4 e5 2. Nf3 d6 3. Nc3 Nf6 4. d4 Nc6 5. d5 Ne7 6. Bg5 c6 7. Bc4 h6 8. Bxf6
gxf6 9. Nh4 cxd5 10. Bxd5 f5 11. exf5 Nxf5 12. Nxf5 Bxf5 13. Bxb7 Rb8 14. Bc6+
Ke7 15. b3 e4 0-1

[Event "Challenge"]
[Site "http://www.queenalice.com/game.php?id=1066066"]
[Date "2012.5.30"]
[Round "-"]
[White "cholo76"]
[Black "Samaell"]
[Result "1-0"]
[WhiteElo "1429"]
[BlackElo "1480"]

1. d4 Nf6 2. Nc3 d5 3. Nf3 Bg4 4. h3 Bxf3 5. exf3 Nc6 6. Be3 e5 7. dxe5 Nxe5 8.
f4 Nc6 9. g4 d4 10. Bd2 dxc3 11. Bxc3 Bc5 12. Qe2+ Qe7 13. Bxf6 gxf6 14. g5 1-0

[Event "Revanche"]
[Site "http://www.queenalice.com/game.php?id=1072753"]
[Date "2012.6.16"]
[Round "-"]
[White "cholo76"]
[Black "roli68"]
[Result "0-1"]
[WhiteElo "1462"]
[BlackElo "1467"]

1. d4 d5 2. Nc3 Na6 3. e3 h5 4. h3 Qd6 5. a3 Nf6 6. Nf3 Ne4 7. Nb5 Qb6 8. g4 Bd7
9. a4 c6 10. Nc3 hxg4 11. Nxe4 dxe4 12. Ng5 f6 13. Nxe4 Bf5 14. Nc5 Nb4 15. Nb3
Nxc2+ 16. Kd2 Qb4+ 0-1

[Event "AUTO-OPEN-2726"]
[Site "http://www.queenalice.com/game.php?id=1076808"]
[Date "2012.6.27"]
[Round "1"]
[White "valdemiza"]
[Black "cholo76"]
[Result "0-1"]
[WhiteElo "1604"]
[BlackElo "1442"]

1. e4 e5 2. Bc4 Nf6 3. Nc3 c6 4. Nf3 Bd6 5. Ng5 O-O 6. d3 h6 7. Nf3 b5 8. Bb3 b4
9. Na4 c5 10. Nh4 Nc6 11. Ng6 Ba6 12. Nxf8 Kxf8 13. O-O Nd4 14. c3 Nxb3 15. Qxb3
Bxd3 16. Rd1 Bb5 17. Rxd6 Ng4 18. Nxc5 Qh4 19. Nxd7+ Ke7 20. h3 Kxd6 21. Be3
Nxe3 22. fxe3 Kxd7 23. Qd5+ Ke7 24. Qxe5+ Kf8 25. Qxb5 Qxe4 26. Qc5+ Kg8 27. Rf1
bxc3 28. Qxc3 Qe6 29. Rf3 Rc8 30. Qd4 Qxa2 31. Rg3 Qb1+ 32. Kh2 g6 33. h4 h5 34.
Qd7 Qc2 35. Rf3 Qc7+ 36. Qxc7 Rxc7 37. e4 a6 38. b4 Rb7 39. Rb3 f6 40. Kh3 f5
41. e5 a5 42. e6 Kf8 43. Kg3 axb4 44. Kf4 Ke7 45. Ke5 Rb5+ 46. Kd4 Kxe6 47. Kc4
Rb8 48. g3 Kf6 49. Kd5 Rd8+ 50. Kc5 Rb8 51. Kc4 g5 52. Kd3 gxh4 53. Ke3 hxg3 54.
Kf3 h4 55. Kg2 f4 56. Rb2 Kg5 57. Kf3 b3 58. Kg2 Kg4 59. Re2 b2 60. Kg1 b1=Q+
61. Kg2 Rb2 62. Rxb2 Qxb2+ 63. Kf1 g2+ 64. Kg1 h3 65. Kh2 f3 66. Kg1 Qb6+ 67.
Kh2 g1=Q# 0-1

[Event "AUTO-OPEN-2726"]
[Site "http://www.queenalice.com/game.php?id=1076809"]
[Date "2012.6.27"]
[Round "1"]
[White "cholo76"]
[Black "valdemiza"]
[Result "0-1"]
[WhiteElo "1464"]
[BlackElo "1379"]

1. e4 d6 2. Nc3 Nf6 3. d3 g6 4. f4 Bg7 5. Nf3 O-O 6. h3 c6 7. Be3 Nbd7 8. h4 Ng4
9. Bd4 e5 10. f5 exd4 11. Nxd4 Ne3 12. Qe2 Nxf1 13. Kxf1 Bxd4 14. Nd1 Rb8 15.
fxg6 fxg6+ 16. Ke1 Qf6 17. Rf1 Qxh4+ 18. Kd2 Qg5+ 19. Ke1 Nf6 20. c3 Bg4 21. Qd2
Qh4+ 22. Nf2 Bxf2+ 23. Rxf2 Qh1+ 24. Rf1 Qh4+ 25. Qf2 Qxf2+ 26. Rxf2 d5 27. c4
dxe4 28. d4 Rbd8 29. Rd2 e3 30. Rd3 Ne4 31. Rxe3 Rxd4 32. Rg3 Nxg3 33. c5 Rf1#
0-1

[Event "AUTO-OPEN-2726"]
[Site "http://www.queenalice.com/game.php?id=1076836"]
[Date "2012.6.27"]
[Round "1"]
[White "chein"]
[Black "cholo76"]
[Result "1-0"]
[WhiteElo "2393"]
[BlackElo "1489"]

1. c4 c5 2. e3 e5 3. d4 e4 4. Nc3 Nf6 5. Nge2 Nc6 6. d5 Nb4 7. Ng3 g6 8. Ngxe4
Qe7 9. d6 Qe5 10. Nxf6+ Qxf6 11. Nb5 Kd8 12. Bd2 Bxd6 13. Bxb4 cxb4 14. Qxd6
Qxd6 15. Nxd6 Re8 16. Nxe8 Kxe8 17. Be2 b6 18. Bf3 Rb8 19. O-O-O a5 20. Rd6 a4
21. Rhd1 Rb7 22. Bxb7 Bxb7 23. Rxd7 Bxg2 24. Ra7 Bf3 25. Rdd7 Be2 26. Rdb7 Kf8
27. Rxf7+ Ke8 28. Rxh7 Bxc4 29. Ra8# 1-0

[Event "AUTO-OPEN-2726"]
[Site "http://www.queenalice.com/game.php?id=1076837"]
[Date "2012.6.27"]
[Round "1"]
[White "cholo76"]
[Black "chein"]
[Result "0-1"]
[WhiteElo "1472"]
[BlackElo "2434"]

1. d4 d5 2. c3 Bf5 3. Bf4 Nd7 4. Nf3 e6 5. b4 Ngf6 6. h4 a5 7. bxa5 Rxa5 8. a3
Bd6 9. Bxd6 cxd6 10. Nbd2 O-O 11. c4 dxc4 12. Nxc4 Ra6 13. h5 Qc7 14. e3 Rc6 15.
Qb3 Rc8 16. h6 d5 17. hxg7 dxc4 18. Qb4 Nd5 19. Qd2 c3 20. Qa2 c2 21. Rc1 Qa5+
22. Ke2 Nc3+ 0-1

[Event "AUTO-OPEN-2726"]
[Site "http://www.queenalice.com/game.php?id=1076854"]
[Date "2012.6.27"]
[Round "1"]
[White "CCapivara"]
[Black "cholo76"]
[Result "1-0"]
[WhiteElo "2113"]
[BlackElo "1446"]

1. e4 e5 2. f4 Nc6 3. Nf3 d6 4. Bc4 Nf6 5. d3 a6 6. a3 h5 7. O-O Bg4 8. h3 Bxf3
9. Qxf3 Nd4 10. Qf2 b5 11. Ba2 1-0

[Event "AUTO-OPEN-2726"]
[Site "http://www.queenalice.com/game.php?id=1076855"]
[Date "2012.6.27"]
[Round "1"]
[White "cholo76"]
[Black "CCapivara"]
[Result "0-1"]
[WhiteElo "1444"]
[BlackElo "2114"]

1. a3 d5 2. d4 c5 3. Nf3 Nc6 4. c3 cxd4 5. cxd4 Bg4 6. Ng5 e5 7. f3 Bh5 8. g4
Bg6 9. h4 h6 10. Nxf7 Bxf7 0-1

[Event "La Belle"]
[Site "http://www.queenalice.com/game.php?id=1078641"]
[Date "2012.7.2"]
[Round "-"]
[White "roli68"]
[Black "cholo76"]
[Result "1-0"]
[WhiteElo "1526"]
[BlackElo "1487"]

1. e4 e5 2. Nf3 Nf6 3. d4 d6 4. dxe5 Nxe4 5. Qd4 f5 6. Na3 c5 7. Qa4+ Bd7 8. Qb3
Nc6 9. Qxb7 Qa5+ 10. Bd2 Rb8 11. Bxa5 Rxb7 12. Bc3 dxe5 13. Nxe5 Nxe5 14. Bxe5
a6 15. f3 Rxb2 16. Bxb2 f4 17. fxe4 h5 18. Bxa6 Bd6 19. Bxg7 Rg8 20. Bf6 Rxg2
21. Nc4 Be7 22. Be5 f3 23. Rf1 Bh4+ 24. Kd1 Rxh2 25. Rb1 Rg2 26. Rb8+ Ke7 27.
Bd6+ Ke6 28. Rh8 f2 29. Rh6+ Kf7 30. Ne5+ Kg7 31. Rxh5 Rg1 32. Ke2 Bh3 33. Rxf2
Bg4+ 34. Nxg4 Rxg4 35. e5 Bxf2 36. Kxf2 Rf4+ 37. Kg3 Ra4 38. Rg5+ Kh6 39. Rg4
Rxa6 40. Bf8+ Kh7 41. Bxc5 Rxa2 42. Kf3 Rxc2 43. Be3 Rc7 44. Kf4 Kh6 45. Kf5+
Kh5 46. Rg5+ Kh6 47. e6 Rc3 48. Bd4 Rf3+ 49. Kg4 Rf2 50. e7 Re2 51. Be5 Rg2+ 52.
Bg3 Re2 53. Re5 Rxe5 54. Bxe5 Kh7 55. e8=Q Kh6 56. Bf4+ Kh7 57. Qf7+ Kh8 58.
Be5# 1-0

[Event "Challenge"]
[Site "http://www.queenalice.com/game.php?id=1087647"]
[Date "2012.7.28"]
[Round "-"]
[White "plot24"]
[Black "cholo76"]
[Result "1-0"]
[WhiteElo "1723"]
[BlackElo "1478"]

1. e4 e5 2. Nf3 Nc6 3. Bb5 f6 4. O-O g5 5. Nc3 d6 6. d3 a6 7. Nxg5 fxg5 8. Qh5+
Kd7 9. Qf7+ Qe7 10. Bxc6+ Kxc6 11. Qc4+ Kd7 12. Be3 g4 13. f4 Nf6 14. fxe5 dxe5
15. Bg5 Bg7 16. Nd5 Qe6 17. Bxf6 Bxf6 18. Qxc7+ Ke8 19. Rxf6 Qd7 20. Qxe5+ Kd8
21. Rd6 Re8 22. Qf6+ Re7 23. Qf8+ Re8 24. Qf6+ Re7 25. Qxe7# 1-0

[Event "Challenge"]
[Site "http://www.queenalice.com/game.php?id=1091362"]
[Date "2012.8.8"]
[Round "-"]
[White "Rogerio11"]
[Black "cholo76"]
[Result "1-0"]
[WhiteElo "1332"]
[BlackElo "1454"]

1. e4 d5 2. Nc3 e6 3. Nf3 Nf6 4. exd5 exd5 5. Bb5+ Bd7 6. Ne5 c6 7. Ba4 Na6 8.
d4 Bb4 9. Bg5 O-O 10. a3 Bxc3+ 11. bxc3 h6 12. Bh4 g5 13. Bg3 b5 14. Bb3 Ne4 15.
Nxd7 Qxd7 16. a4 Nxc3 17. Qd3 Rae8+ 18. Kd2 Ne4+ 19. Kc1 Nb4 20. Qe2 f5 21. Qh5
Rf6 22. Be5 Qf7 23. Qf3 g4 24. Qf4 Qg6 25. axb5 Qg5 26. Qxg5+ hxg5 27. Bxf6 Nxf6
28. Rxa7 cxb5 29. c3 Nd3+ 30. Kc2 Nxf2 31. Rha1 Re2+ 32. Kb1 f4 33. R1a6 N6e4
34. Bxd5+ Kf8 35. Rf7+ Ke8 36. Ra8# 1-0

[Event "return match?"]
[Site "http://www.queenalice.com/game.php?id=1093393"]
[Date "2012.8.15"]
[Round "-"]
[White "cholo76"]
[Black "plot24"]
[Result "1-0"]
[WhiteElo "1470"]
[BlackElo "1536"]

1. e4 e5 2. Nf3 Nc6 3. Nc3 d6 4. h4 Bg4 5. g3 Nd4 6. Be2 Nxe2 7. Qxe2 c6 8. b4
Qf6 9. d3 Qxf3 10. Qxf3 Bxf3 11. O-O Ne7 12. a3 h5 13. b5 O-O-O 14. a4 Kb8 15.
Ba3 f5 16. bxc6 bxc6 17. Rfb1+ Ka8 18. a5 fxe4 19. dxe4 Nc8 20. a6 Nb6 21. Rxb6
axb6 22. Bb4 Rd7 23. Na4 1-0

[Event "Challenge"]
[Site "http://www.queenalice.com/game.php?id=1096496"]
[Date "2012.8.26"]
[Round "-"]
[White "Rogerio11"]
[Black "cholo76"]
[Result "0-1"]
[WhiteElo "1277"]
[BlackElo "1433"]

1. e4 e5 2. Bc4 g6 3. Qf3 Nf6 4. d3 h5 5. Bg5 Bg7 6. b4 Nc6 7. b5 Nd4 8. Qd1 d6
9. Nf3 Nxf3+ 10. gxf3 Bh3 11. Nc3 Bh6 12. Bh4 g5 13. Bg3 h4 14. Nd5 Nh5 15. a4
hxg3 16. fxg3 c6 17. bxc6 bxc6 18. g4 Nf4 19. a5 cxd5 20. Bb5+ Kf8 21. exd5 Rb8
22. Bc6 a6 23. Rb1 Qxa5+ 24. Qd2 Rxb1+ 25. Kf2 Qxd2+ 26. Kg3 Rxh1 0-1